Ο χθεσινός κόσμος : αυτοβιογραφία
Saved in:
| Main Author: | |
|---|---|
| Other Authors: | |
| Format: | Book |
| Language: | Greek German |
| Published: |
[Βόλος] :
Εκδόσεις Όμηρος,
[1961].
|
| Subjects: | |
| Tags: |
Add Tag
No Tags, Be the first to tag this record!
|
MARC
| LEADER | 00000cam a2200000 a 4500 | ||
|---|---|---|---|
| 001 | 1/125328 | ||
| 008 | 220913t1961####gr | ||| |||| ||gre|| | ||
| 040 | |a GR-MyUa |b gre |c GR-MyUa |e AACR2 | ||
| 041 | 1 | |a gre |h ger | |
| 082 | 7 | |a 839.93 |2 (23) | |
| 100 | 1 | |a Zweig, Stefan, |d 1881-1942. | |
| 245 | 1 | 2 | |a Ο χθεσινός κόσμος : |b αυτοβιογραφία / |c Στέφαν Τσβάιχ ; μετάφρασις Μαρίας Αυγέρου. |
| 260 | |a [Βόλος] : |b Εκδόσεις Όμηρος, |c [1961]. | ||
| 300 | |a 347 σ. ; |c 21 εκ. | ||
| 650 | 0 | |a Authors, Austrian |y 20th century |v Biography. | |
| 700 | 1 | |a Αυγέρου, Μαρία, |e trlf | |
| 852 | |a INST |b SAMOS |e 20220912 |h 839.93 ZWE |p 005300047634 |q 005300047634 |t BK |y 0 | ||
| 970 | |a Φιλιππή |b Φάλη |z 13-09-2022 | ||